LDR 00781naa#a2200229#i#450# 001 EN\\bibl\126656 005 20260701065924.3 011 ## _a2074-9414 100 ## _a20260630b2026####ek#y0engy0150####ca 101 0# _aRUS 102 ## _aRU 200 1# _aAnti-Nutritional Factors in Plant Raw Materials: Reduction Strategies _eJournal article 210 1# _aKemerovo _cKemerovo State University _d2026 215 ## _a13 с. 608 ## _aJournal article _2local 675 ## _aСельское хозяйство. Лесное хозяйство. Охота. Рыбное хозяйство. 63 _zRUS 700 #1 _aAlekhina _gNadezhda N. 700 #1 _aAntipova _gLudmila V. 700 #1 _aLobanov _gVladimir G. 700 #1 _aPonomareva _gElena I. 700 #1 _aNartova _gValeria N. 856 4# _ajcenter.kemsu.ru _u